Major places starting with "A" - Statistics

General Stats
  • This quiz has been taken 16 times
    6 since last reset
  • The average score is 39 of 304
Answer Stats
Hint Answer % Correct
Major City/Subdivison Alba
100%
Country Albania
100%
Country Antigua and Barbuda
100%
Country Algeria
83%
Country Andorra
83%
Country Angola
83%
Country Argentina
83%
Country Armenia
83%
Ocean Atlantic Ocean
83%
Country Australia
83%
Country Austria
83%
Country Azerbaijan
83%
Territory Abkhazia
67%
Capital Abu Dhabi
67%
Capital Accra
67%
Country Afghanistan
67%
Major City/Subdivison Alabama
67%
Major City/Subdivison Alaska
67%
Capital Algiers
67%
Capital | Major City/Subdivison Ankara
67%
Capital Antananarivo
67%
Ocean Arctic Ocean
67%
Major City/Subdivison Arizona
67%
Major City/Subdivison Arkansas
67%
Major City/Subdivison Abidjan
50%
Capital Abuja
50%
Capital | Major City/Subdivison Addis Ababa
50%
Sea Adriatic Sea
50%
Major City/Subdivison Ahal
50%
Major City/Subdivison Almaty
50%
Capital | Major City/Subdivison Amman
50%
Capital Amsterdam
50%
Capital Andorra la Vella
50%
Territory Anguilla
50%
Capital Apia
50%
Sea Arabian Sea
50%
Territory Aruba
50%
Capital Ashgabat
50%
Capital Asmara
50%
Capital | Major City/Subdivison Asuncion
50%
Capital Athens
50%
Major City/Subdivison Auckland
50%
Major City/Subdivison A'ana
33%
Sea Aegean Sea
33%
Major City/Subdivison Åland Islands
33%
Major City/Subdivison Alexandria
33%
Major City/Subdivison Amazonas
33%
Territory American Samoa
33%
Major City/Subdivison Amur
33%
Ocean Antarctic Ocean
33%
Major City/Subdivison Antofagasta
33%
Sea Aral Sea
33%
Major City/Subdivison Aargau
17%
Major City/Subdivison Adana
17%
Major City/Subdivison Agadez
17%
Major City/Subdivison Aguascalientes
17%
Major City/Subdivison Ahmedaba
17%
Major City/Subdivison Akrotiri and Dhekelia
17%
Major City/Subdivison Alagoas
17%
Sea Alboran Sea
17%
Major City/Subdivison Altai
17%
Major City/Subdivison Amnat Charoen
17%
Major City/Subdivison Andalusia
17%
Major City/Subdivison Andhra Pradesh
17%
Major City/Subdivison Andijan
17%
Major City/Subdivison Ang Thong
17%
Major City/Subdivison Anhui
17%
Major City/Subdivison Annaba
17%
Major City/Subdivison Antalya
17%
Major City/Subdivison Appenzell Ausserrhoden
17%
Major City/Subdivison Aqaba
17%
Sea Arafura Sea
17%
Major City/Subdivison Aragon
17%
Major City/Subdivison Arequipa
17%
Major City/Subdivison Arta
17%
Major City/Subdivison Arusha
17%
Major City/Subdivison Astrakhan
17%
Major City/Subdivison Aswan
17%
Major City/Subdivison Asyut
17%
Major City/Subdivison Atlantico
17%
Major City/Subdivison Austin
17%
Major City/Subdivison Auvergne-Rhône-Alpes
17%
Major City/Subdivison Azores
17%
Major City/Subdivison Appenzell Innerrhoden
17%
Major City/Subdivison Abaco
0%
Major City/Subdivison Abaiang
0%
Major City/Subdivison Abemama
0%
Major City/Subdivison Abia
0%
Major City/Subdivison Abim
0%
Major City/Subdivison Abruzzo
0%
Major City/Subdivison Absheron
0%
Major City/Subdivison Abyan
0%
Major City/Subdivison Aceh
0%
Major City/Subdivison Acklins
0%
Major City/Subdivison Acquaviva
0%
Major City/Subdivison Acre
0%
Major City/Subdivison Adamawa
0%
Major City/Subdivison Adamoua
0%
Major City/Subdivison Adar
0%
Major City/Subdivison Ādaži
0%
Major City/Subdivison Ad Daayen
0%
Major City/Subdivison Ad Dakhiliyah
0%
Major City/Subdivison Ad Dawhah
0%
Major City/Subdivison Addu
0%
Major City/Subdivison Adıyaman
0%
Major City/Subdivison Adjara
0%
Major City/Subdivison Adjumani
0%
Major City/Subdivison Adrar
0%
Major City/Subdivison Adygea
0%
Major City/Subdivison Aerodrom
0%
Major City/Subdivison Afyonkarahisar
0%
Major City/Subdivison Agaléga
0%
Major City/Subdivison Agdam
0%
Major City/Subdivison Agdash
0%
Major City/Subdivison Agder
0%
Major City/Subdivison Aghjabadi
0%
Major City/Subdivison Aglona
0%
Major City/Subdivison Ağrı
0%
Major City/Subdivison Agstafa
0%
Major City/Subdivison Agsu
0%
Major City/Subdivison Água Grande
0%
Major City/Subdivison Ahafo
0%
Major City/Subdivison Ah Dhahirah
0%
Major City/Subdivison Ahmadi
0%
Major City/Subdivison Ahuachapán
0%
Major City/Subdivison Aichi
0%
Major City/Subdivison Aiga-i-le Tai
0%
Major City/Subdivison Aileu
0%
Major City/Subdivison Ailinglaplap Atoll
0%
Major City/Subdivison Ailuk Atoll
0%
Major City/Subdivison Aimeliik
0%
Major City/Subdivison Ainaro
0%
Major City/Subdivison Aïn Delfa
0%
Major City/Subdivison Aïn Témouchent
0%
Major City/Subdivison Airai
0%
Major City/Subdivison Aiwo
0%
Major City/Subdivison Aizkraukle
0%
Major City/Subdivison Aizpute
0%
Major City/Subdivison Ajdovščina
0%
Major City/Subdivison Ajloun
0%
Major City/Subdivison Ajman
0%
Major City/Subdivison Akita
0%
Major City/Subdivison Akkar
0%
Major City/Subdivison Akmola
0%
Major City/Subdivison Aknīste
0%
Major City/Subdivison Akrahreppur
0%
Major City/Subdivison Akranes
0%
Major City/Subdivison Aksaray
0%
Major City/Subdivison Aktobe
0%
Major City/Subdivison Akureyri
0%
Major City/Subdivison Akwa Ibom
0%
Major City/Subdivison Alajuela
0%
Major City/Subdivison Al Anbar
0%
Major City/Subdivison Alaotra-Mangoro
0%
Major City/Subdivison Al Asimah
0%
Major City/Subdivison Al Batinah North
0%
Major City/Subdivison Al Batinah South
0%
Major City/Subdivison Al Bayda
0%
Major City/Subdivison Alberta
0%
Major City/Subdivison Alborz
0%
Major City/Subdivison Al Buraymi
0%
Major City/Subdivison Al-Hasakah
0%
Major City/Subdivison Al Hudaydah
0%
Major City/Subdivison Alibori
0%
Major City/Subdivison Ali-Sabieh
0%
Major City/Subdivison Al Jawf
0%
Major City/Subdivison Al Jazirah
0%
Major City/Subdivison Al Khor
0%
Major City/Subdivison Al Mahrah
0%
Major City/Subdivison Al Mahwit
0%
Major City/Subdivison Aloja
0%
Major City/Subdivison Al Qadisiyah
0%
Major City/Subdivison Alsunga
0%
Major City/Subdivison Alta Verapaz
0%
Major City/Subdivison Alto Paraguay
0%
Major City/Subdivison Alto Parana
0%
Major City/Subdivison Alūksne
0%
Major City/Subdivison Al Wahat
0%
Major City/Subdivison Al Wusta
0%
Major City/Subdivison Alytus
0%
Major City/Subdivison Amambay
0%
Major City/Subdivison Amanat Al Asimah
0%
Major City/Subdivison Amapa
0%
Major City/Subdivison Amasya
0%
Major City/Subdivison Amata
0%
Major City/Subdivison Amhara
0%
Major City/Subdivison Amoron'i Mania
0%
Major City/Subdivison Amran
0%
Major City/Subdivison Amudat
0%
Sea Amundsen Sea
0%
Major City/Subdivison Amuria
0%
Major City/Subdivison Amuru
0%
Major City/Subdivison Anabar
0%
Major City/Subdivison Analamanga
0%
Major City/Subdivison Analanjirofo
0%
Major City/Subdivison Anambra
0%
Major City/Subdivison Ancash
0%
Major City/Subdivison Andaman and Nicobar Islands
0%
Sea Andaman Sea
0%
Major City/Subdivison Andrijevica
0%
Major City/Subdivison Andros
0%
Major City/Subdivison Androy
0%
Major City/Subdivison Anenii Noi
0%
Major City/Subdivison Anetan
0%
Major City/Subdivison An Giang
0%
Major City/Subdivison Anguar
0%
Major City/Subdivison Anibare
0%
Major City/Subdivison Anjouan
0%
Major City/Subdivison Ankaran
0%
Major City/Subdivison Annabon
0%
Major City/Subdivison Anosy
0%
Major City/Subdivison Anse aux Pins
0%
Major City/Subdivison Anseba
0%
Major City/Subdivison Anse Boileau
0%
Major City/Subdivison Anse Etoile
0%
Major City/Subdivison Anse la Raye
0%
Major City/Subdivison Anse Royale
0%
Major City/Subdivison Antioquia
0%
Major City/Subdivison Antwerpen
0%
Major City/Subdivison Anzoategui
0%
Major City/Subdivison Aomori
0%
Major City/Subdivison Aosta Valley
0%
Major City/Subdivison Apac
0%
Major City/Subdivison Apače
0%
Major City/Subdivison Ape
0%
Major City/Subdivison Apulia
0%
Major City/Subdivison Apure
0%
Major City/Subdivison Apurimac
0%
Major City/Subdivison Aračinovo
0%
Major City/Subdivison Arad
0%
Major City/Subdivison Aragatsotn
0%
Major City/Subdivison Aragua
0%
Major City/Subdivison Aranuka
0%
Major City/Subdivison Ararat
0%
Major City/Subdivison Arauca
0%
Major City/Subdivison Árborg
0%
Major City/Subdivison Ardabil
0%
Major City/Subdivison Ardahan
0%
Sea Argentine Sea
0%
Major City/Subdivison Argeș
0%
Major City/Subdivison Ariana
0%
Major City/Subdivison Ari Atholhu Dhekunuburi
0%
Major City/Subdivison Ari Atholhu Uthuruburi
0%
Major City/Subdivison Arica and Parinacota
0%
Major City/Subdivison Arima
0%
Major City/Subdivison Arkhanangelsk
0%
Major City/Subdivison Arkhangai
0%
Major City/Subdivison Armavir
0%
Major City/Subdivison Árneshreppur
0%
Major City/Subdivison Arno Atoll
0%
Major City/Subdivisonw Arorae
0%
Major City/Subdivison Artemisa
0%
Major City/Subdivison Artibonite
0%
Major City/Subdivison Artigas
0%
Major City/Subdivison Artvin
0%
Major City/Subdivison Arua
0%
Major City/Subdivison Arunachal Pradesh
0%
Major City/Subdivison Ásahreppur
0%
Major City/Subdivison Ashanti
0%
Major City/Subdivison Ash Sharqiyah North
0%
Major City/Subdivison Ash Sharqiyah South
0%
Major City/Subdivison Asir
0%
Major City/Subdivison Assaba
0%
Major City/Subdivison Assam
0%
Major City/Subdivison As-Suwayda
0%
Major City/Subdivison Astara
0%
Major City/Subdivison Atacama
0%
Major City/Subdivison Atacora
0%
Major City/Subdivison Atlantida
0%
Major City/Subdivison Atlantique
0%
Major City/Subdivison Atsimo-Andrefana
0%
Major City/Subdivison Atsimo-Atsinanana
0%
Major City/Subdivison Atsinanana
0%
Major City/Subdivison Attapeu
0%
Major City/Subdivison Attica
0%
Major City/Subdivison Atua
0%
Major City/Subdivison Au Cap
0%
Major City/Subdivison Auce
0%
Major City/Subdivison Aur Atoll
0%
Major City/Subdivison Australian Capital Territory
0%
Major City/Subdivison Autonomous Region of Bougainville
0%
Major City/Subdivison Aveiro
0%
Major City/Subdivison Awdal
0%
Major City/Subdivison Ayacucho
0%
Major City/Subdivison Aydın
0%
Major City/Subdivison Ayeyarwady
0%
Major City/Subdivison Aysen
0%
Major City/Subdivison Azad Jammu and Kashmir
0%
Sea Azov Sea
0%
Major City/Subdivison Azua
0%
Major City/Subdivison Azuay
0%
Major City/Subdivison Agago
0%
Major City/Subdivison Alebtong
0%
Major City/Subdivison Al Rayyan
0%
Major City/Subdivison Al-Shahaniya
0%
Major City/Subdivison Al Shamal
0%
Major City/Subdivison Al Wakrah
0%
No matching quizzes found
Score Distribution
Percent of People with Each Score
Percentile by Number Answered
Your Score History
You have not taken this quiz since the last reset